Statistics for Countries With Highest Rainfall

Click here to take the quiz!

General Stats

  • This quiz has been taken 70 times
  • The average score is 5 of 11

Answer Stats

Answer% Correct
CHERRAPUNJI, MEGHALAYA, INDIA
90%
MAWSYNRAM, MEGHALAYA, INDIA
90%
BIG BOG, MAUI, HAWAII,USA
68%
KUKUI, MAUI, HAWAII,USA
68%
MT. WAIALEALE, KAUAI, HAWAI,USA
68%
EMEI SHAN, SICHUAN PROVINCE, CHINA
57%
TUTENDO, COLOMBIA
42%
DEBUNDSCHA, CAMEROON
8%
SAN ANTONIO DE URECA, BIOKO ISLAND, EQUATORIAL GUINEA
7%
CROPP RIVER, NEW ZEALAND
5%
BONUS:Meghalayan rainfall is mainly influenced by {Bay Of Bengal} branch.
2%

Score Distribution

Percentile by Number Answered

Percent of People with Each Score

Your Score History

You have not taken this quiz